Skład reprezentacji Hiszpanii! - Statystyki

Ogólne statystyki
  • Ten quiz został rozwiązany 102 razy
  • Średni wynik to 8 z 23
Statystyki odpowiedzi
Pozycja Zawodnik % Poprawnych
Napastnik Morata
74%
Bramkarz De Gea
73%
Obrońca Ramos
65%
Bramkarz Simon
65%
Obrońca Torres
48%
Napastnik Torres
48%
Pomocnik Rodri
42%
Bramkarz Kepa
36%
Pomocnik Olmo
34%
Pomocnik Koke
32%
Napastnik Asensio
26%
Napastnik Llorente
26%
Napastnik Moreno
26%
Obrońca Garcia
25%
Napastnik Oyarzabal
23%
Obrońca Martinez
20%
Pomocnik Ruiz
17%
Obrońca Gaya
16%
Pomocnik Merino
14%
Obrońca Roberto
14%
Napastnik Traore
14%
Pomocnik Cucurella
10%
Pomocnik Canales
5%
Nie znaleziono quizów pasujących do podanych kryteriów
Rozkład punktacji
Procent ludzi z każdym wynikiem
Percentyl według liczby udzielonych odpowiedzi
Twoja historia wyników
Nie rozwiązałeś tego quizu